LEADER 00976nam--2200361---450- 001 990003047190203316 005 20080114142257.0 010 $a0-415-00346-6 035 $a000304719 035 $aUSA01000304719 035 $a(ALEPH)000304719USA01 035 $a000304719 100 $a20080114d1989----km-y0itay50------ba 101 $aeng 102 $aGB 105 $a||||||||001yy 200 1 $aWomen in Athenian law and life$fRoger Just 210 $aLondon$cRoutledge$dcopyr. 1989 215 $aX, 317 p.$d23 cm 410 0$12001 454 1$12001 461 1$1001-------$12001 606 0 $aDonna$xPosizione sociale$yAtene$zSec. 4.-5. a. C. 676 $a305.40938 700 1$aJUST,$bRoger$0284096 801 0$aIT$bsalbc$gISBD 912 $a990003047190203316 951 $aI AR JUST 1$b1838 DBC$cI AR 959 $aBK 969 $aDBC 979 $aDBC$b90$c20080114$lUSA01$h1422 996 $aWomen in Athenian law and life$9670279 997 $aUNISA LEADER 01404nam0-2200421li-450 001 990000247800203316 005 20180312154727.0 035 $a0024780 035 $aUSA010024780 035 $a(ALEPH)000024780USA01 035 $a0024780 100 $a2001990031969-------y0itay0103----ba 101 0 $aeng 102 $aGB 200 1 $a<> course of modern analysis$ean introduction to the general theory of infinite processes and of analityc functions with an account ofthe principal trascendental functions$fE. T. Whittaker and G.N. Watson 205 $a4th ed 210 $aCambridge$cUniversity Press$d1969 215 $a608 p.$cill.$d23 cm. 610 1 $aanalisi funzionale 610 1 $afunzioni trascendentali 676 $a5157$9Analisi funzionale 700 1$aWhittaker,$bE. T.$0123012 701 1 $aWatson,$bG. N.$0747049 801 $aSistema bibliotecario di Ateneo dell' Universitą di Salerno$gRICA 912 $a990000247800203316 951 $a515.7 WHI$b0006942 951 $a515.7 WHI (A)$b5920 Ing$c515.7 959 $aBK 969 $aSCI 969 $aTEC 979 $c19900314 979 $c20001110$lUSA01$h1715 979 $c20020403$lUSA01$h1633 979 $aSIAV6$b10$c20031015$lUSA01$h1354 979 $aSIAV6$b10$c20031015$lUSA01$h1356 979 $aPATRY$b90$c20040406$lUSA01$h1618 996 $aCourse of modern analysis$91491895 997 $aUNISA LEADER 04050nam 22006015 450 001 9910479952103321 005 20210721214708.0 010 $a0-8147-6530-0 024 7 $a10.18574/9780814765302 035 $a(CKB)2550000000047438 035 $a(EBL)865788 035 $a(OCoLC)751980642 035 $a(SSID)ssj0000606668 035 $a(PQKBManifestationID)11973795 035 $a(PQKBTitleCode)TC0000606668 035 $a(PQKBWorkID)10581783 035 $a(PQKB)10167534 035 $a(MiAaPQ)EBC865788 035 $a(MdBmJHUP)muse4893 035 $a(DE-B1597)546837 035 $a(DE-B1597)9780814765302 035 $a(EXLCZ)992550000000047438 100 $a20200608h20112011 fg 0 101 0 $aeng 135 $aurnn#---|un|u 181 $ctxt 182 $cc 183 $acr 200 10$aSex Fiends, Perverts, and Pedophiles $eUnderstanding Sex Crime Policy in America /$fChrysanthi S. Leon 210 1$aNew York, NY :$cNew York University Press,$d[2011] 210 4$d©2011 215 $a1 online resource (264 p.) 300 $aDescription based upon print version of record. 311 0 $a0-8147-5326-4 311 0 $a0-8147-5258-6 320 $aIncludes bibliographical references and index. 327 $tFront matter --$tContents --$tAcknowledgments --$tIntroduction --$t1 Punishment Stories --$t2 The Sexual Psychopath Era --$t3 The Era of Rehabilitative Debate --$t4 Sex Offender Rehabilitation in California and How It Worked --$t5 Sex Offender Policy in the Containment Era --$t6 Experts and Governance --$t7 Chilling Effects --$t8 National Sex Offender Punishment Trends since 1920 --$t9 Conclusion --$tAppendix A --$tAppendix B Timeline --$tNotes --$tBibliography --$tIndex --$tAbout the Author 330 $aFrom Megan?s Law to Jessica?s Law, almost every state in the nation has passed some law to punish sex offenders. This popular tough-on-crime legislation is often written after highly-publicized cases have made the gruesome rounds through the media, and usually features harsh sentences, lifetime GPS monitoring, a dramatic expansion of the civil commitment procedures, and severe restrictions on where released sex offenders may live. In Sex Fiends, Perverts, and Pedophiles, Chrysanthi Leon argues that, while the singular notion of the sexual boogeyman has been used to justify these harsh policies, not all sex offenders are the same and such ?one size fits all? policies can unfairly punish other offenders of lesser crimes, needlessly targeting, sometimes ostracizing, citizens from their own communities. While many recognize that prison is not the right tool for every crime problem, Leon compellingly argues that the U.S. maintains a one-size-fits-all approach to sexual offending which is undermining public safety. Leon explains how we?ve reached this point?with a large incarcerated sex offender population, many of whom will be released in the coming years with multiple barriers to their success in the community, and without much expertise to guide them or to guide those who are charged to help them. Leon argues that we cannot blame the public, nor even the politicians, except indirectly. Instead, we might blame the institutions we charge with making placement decisions and with the experts?both those who have chosen to work in the field and those who have caused its marginalization. Ultimately, Leon shows that when policies intended for the worst offenders take over, all of us suffer. 606 $aChild molesters$zUnited States 606 $aSex offenders$zUnited States 606 $aSex crimes$zUnited States 608 $aElectronic books. 615 0$aChild molesters 615 0$aSex offenders 615 0$aSex crimes 676 $a364.15/30973 700 $aLeon$b Chrysanthi S.$4aut$4http://id.loc.gov/vocabulary/relators/aut$01046348 801 0$bDE-B1597 801 1$bDE-B1597 906 $aBOOK 912 $a9910479952103321 996 $aSex Fiends, Perverts, and Pedophiles$92473185 997 $aUNINA